Разработка методики оценивания проектной деятельности студентов элитного технического образования; Ресурсоэффективным технологиям - энергию и энтузиазм молодых

Opis bibliograficzny
Parent link:Ресурсоэффективным технологиям - энергию и энтузиазм молодых.— 2016.— [С. 242-243]
1. autor: Садченко В. О.
Korporacja: Национальный исследовательский Томский политехнический университет (ТПУ)
Streszczenie:Заглавие с экрана
Język:rosyjski
Wydane: 2016
Hasła przedmiotowe:
Dostęp online:http://earchive.tpu.ru/handle/11683/38092
Format: MixedMaterials Elektroniczne Rozdział
KOHA link:https://koha.lib.tpu.ru/cgi-bin/koha/opac-detail.pl?biblionumber=622478

MARC

LEADER 00000naa2a2200000 4500
001 622478
005 20231101133219.0
035 |a (RuTPU)RU\TPU\conf\21207 
035 |a RU\TPU\conf\21206 
090 |a 622478 
100 |a 20170412d2016 k y0rusy50 ca 
101 0 |a rus 
102 |a RU 
105 |a y z 101zy 
135 |a drgn ---uucaa 
181 0 |a i  
182 0 |a b 
200 1 |a Разработка методики оценивания проектной деятельности студентов элитного технического образования  |f В. О. Садченко 
203 |a Текст  |c электронный 
230 |a 1 компьютерный файл (pdf; 182 Kb) 
300 |a Заглавие с экрана 
320 |a [Библиогр.: с. 243 (2 назв.)] 
463 0 |0 (RuTPU)RU\TPU\conf\18763  |t Ресурсоэффективным технологиям - энергию и энтузиазм молодых  |o сборник научных трудов VII Всероссийской конференции, г. Томск, 27-29 апреля 2016 г.  |f Национальный исследовательский Томский политехнический университет (ТПУ)   |v [С. 242-243]  |d 2016 
610 1 |a труды учёных ТПУ 
610 1 |a электронный ресурс 
610 1 |a техническое образование 
610 1 |a ТПУ 
610 1 |a проектная деятельность 
610 1 |a оценка 
610 1 |a методика 
700 1 |a Садченко  |b В. О. 
712 0 2 |a Национальный исследовательский Томский политехнический университет (ТПУ)  |c (2009- )  |2 stltpush  |3 (RuTPU)RU\TPU\col\15902 
801 2 |a RU  |b 63413507  |c 20170427  |g RCR 
856 4 |u http://earchive.tpu.ru/handle/11683/38092 
942 |c BK